000 00604nam a2200217 i 4500
001 C2-0242317
003 PPAK
005 20180727204336.0
008 020924s1984 my a|||| ||||| | may d
040 _aPPAK
_beng
_cPPAK
_erda
082 0 4 _a352.942
_223
090 0 0 _a352.942
_bLAP
_dKAM
245 0 0 _aLaporan Tahunan 1983/1984
264 1 _aKuala Lumpur :
_bPersatuan Sejarah Malaysia ,
_c1984
300 _a96 pages :
_billustrations ;
_c29 cm
336 _2rdacontent
_atext
337 _2rdamedia
_aunmediated
338 _2rdacarrier
_avolume
650 1 0 _aCorporation reports.
942 _ddc
_cB
999 _c57082
_d57082